000 00501nam a2200181Ia 4500
999 _c28124
_d28124
003 OSt
005 20201111121506.0
008 190216s9999||||xx |||||||||||||| ||und||
020 _a9788171807703
040 _coclc
082 _a894.8123
_bKAR/A
100 _aKarivallur, K
_96468
245 0 _aAkam Puram /
_cK Karivallur
260 _bPoorna Pubs,
_a Kozhikode:
_c2000.
300 _a72p
650 _aMalayalam Novel
942 _cBK
_2ddc
_h894.8123
_iKAR/A
_k894.8123
_mKAR/A